000 01194cam a2200325 4500
001 ##L128480
008 000000n2005 000 0 eng u
020 _a0852725159
035 _a(Sirsi) u128480
041 0 _aeng
050 0 4 _a338.20212
_c18
110 2 _aBritish Geological Survey
_91581
245 0 0 _aUnited Kingdom minerals yearbook 2004
260 _aKeyworth
_bBritish Geological Survey
_c2005
300 _avi, 102p
_bmaps, graphs, tables
_c30cm.
350 _a44
520 _aThis annual publication provides comprehensive statistical data on minerals production, consumption and trade to 2003, estimates of production for major mineral commodities in 2003, and a commentary on the UK minerals industry during that year. Available to view online (after registration) at www.bgs.ac.uk.
650 2 4 _aMINERALS STATISTICS
650 2 4 _aCONSTRUCTION MINERALS
650 2 4 _aAGGREGATES
650 2 4 _aSTATISTICS
690 _aPROPERTY-RURAL AND NATURAL ASSETS-MINERAL RESOURCES
700 2 _aHillier, J. A.
700 2 _aTaylor, L. E.
700 2 _aHighley, D. E.
700 2 _aHitchen, K.
700 2 _aColman, T. B.
700 2 _aChapman, G. R.
942 _n0
999 _c103923
_d103923